Trenerzy piłki nożnej na literę S - Statystyki

Ogólne statystyki
  • Ten quiz został rozwiązany 29 razy
  • Średni wynik to 10 z 25
Statystyki odpowiedzi
Prowadzone zespoły Odpowiedź % Poprawnych
Grecja 2010-2014 Portugalia 2014-2022 Polska 2023 Fernando Santos
89%
Widzew Łódź 1995-1998 Lech Poznań 2006-2009 Polska 2009-2012 Franciszek Smuda
82%
Atletico Madryt 2011- Diego Simeone
79%
Feyenoord Rotterdam 2021-2024 Liverpool 2024- Arne Slot
75%
Jagiellonia Białystok 2023- Adrian Siemieniec
71%
Anglia 2016-2024 Gareth Southgate
68%
Wisła Kraków 2007-2010 Legia Warszawa 2010-2012 Lech Poznań 2014-2015 2021-2022 Maciej Skorża
68%
Brazylia 2001-2002 2012-2014 Portugalia 2003-2008 Luiz Felipe Scolari
61%
Udinese 2002-2005 AS Roma 2005-2009 2016-2017 Zenit Petersburg 2009-2014 Inter Mediolan 2017-2019 Napoli 2021-2023 Włochy 2023-2025 Luciano Spalletti
57%
Argentyna 2018- Lionel Scaloni
54%
Napoli 2015-2018 Chelsea 2018-2019 Juventus 2019-2020 Lazio 2021-2024 2025- Maurizio Sarri
50%
Legia Warszawa 1975-1979 1987-1989 Polska 1989-1993 Andrzej Strejlau
32%
Girondins Bordeaux 2014-2016 Gruzja 2021- Willy Sagnol
29%
Chile 2012-2016 Sevilla 2016-2017 2022-2023 Argentyna 2017-2018 Jorge Sampaoli
25%
RFN 1964-1978 Helmut Schon
21%
Argentyna 2011-2014 Alejandro Sabella
18%
AC Milan 1987-1991 Włochy 1991-1996 Arrigo Sacchi
18%
Roda Kerkrade 1993-1996 Schalke 1996-2002 Huub Stevens
14%
Borussia Dortmund 2000-2004 Matthias Sammer
14%
Werder Brema 1999-2013 Thomas Schaaf
14%
Szwecja 1991-1997 Tommy Svensson
14%
Węgry 1949-1956 Gusztav Sebes
11%
Glasgow Rangers 1991-1998 2007-2011 Everton 1998-2002 Szkocja 2004-2007 Walter Smith
11%
Brazylia 1980-1982 1985-1986 Tele Santana
7%
Liverpool 1959-1974 Bill Shankly
4%
Nie znaleziono quizów pasujących do podanych kryteriów
Rozkład punktacji
Procent ludzi z każdym wynikiem
Percentyl według liczby udzielonych odpowiedzi
Twoja historia wyników
Nie rozwiązałeś tego quizu